| 000 | 00659nam a22002177a 4500 | ||
|---|---|---|---|
| 005 | 20151228055454.0 | ||
| 008 | 100729s2011 nyua b 001 0 eng | ||
| 020 | _a9780073382807 | ||
| 020 | _a0073382809 | ||
| 041 | 0 | _aeng | |
| 080 | _a159.9 | ||
| 100 | 1 |
_aFeldman, Robert S. _q(Robert Stephen), _d1947- |
|
| 245 | 1 | 0 |
_aEssentials of understanding psychology / _cRobert S. Feldman. |
| 250 | _a9th ed. | ||
| 260 |
_aNew York : _bMcGraw-Hill, _c2011. |
||
| 300 |
_a633 f.: _bme il.; _c28 cm. |
||
| 505 | _aIndex: f. 610 - 633 | ||
| 650 | 0 | _aPsikologjia | |
| 700 | 1 |
_aFeldman, Robert S. _q(Robert Stephen), _d1947- _tUnderstanding psychology. |
|
| 942 |
_2udc _cBK |
||
| 999 |
_c787 _d787 |
||